000 00929nam a2200241Ia 4500
003 GCL
008 140319s9999 xx 000 0 ara d
020 _a2073099906
040 _aGCL /
_cGCL
082 0 4 _aد
_b050
_bب ع
100 1 _aعبدالغفار مكاوى
245 1 0 _aعصور الادب الالماني ( عالم المعرفة 278 ) :
_bتحولات الواقع ومسارات التجديد /
_cعبدالغفار مكاوى
700 1 _aباومان ، باربارا
700 1 _aاوبرله ، بريجيتا
700 1 _aهبة الشريف
260 _aالكويت :
_bالمجلس الوطنى للثقافة والفنون والاداب ،
_c2002
300 _a482 ص ؛
_c20 سم
490 _aعالم المعرفة
_v278
650 0 4 _aالادب الالمانى
650 0 4 _aالرومانسية
650 0 4 _aالادب الالمانى - تاريخ ونقد
942 _2ddc
_cBK
999 _c2979
_d2979